<?xml version="1.0" encoding="UTF-8"?>
<record
    xmlns:xsi="http://www.w3.org/2001/XMLSchema-instance"
    xsi:schemaLocation="http://www.loc.gov/MARC21/slim http://www.loc.gov/standards/marcxml/schema/MARC21slim.xsd"
    xmlns="http://www.loc.gov/MARC21/slim">

  <leader>02578nam a22002297a 4500</leader>
  <controlfield tag="005">20251230105659.0</controlfield>
  <controlfield tag="008">251222b        |||||||| |||| 00| 0 eng d</controlfield>
  <datafield tag="040" ind1=" " ind2=" ">
    <subfield code="c">AL</subfield>
  </datafield>
  <datafield tag="082" ind1=" " ind2=" ">
    <subfield code="a">K894.8 </subfield>
    <subfield code="b">SARO</subfield>
  </datafield>
  <datafield tag="100" ind1=" " ind2=" ">
    <subfield code="a">Sarasvati Du </subfield>
    <subfield code="9">249751</subfield>
  </datafield>
  <datafield tag="100" ind1=" " ind2=" ">
    <subfield code="9">249681</subfield>
    <subfield code="d">&#xCB8;&#xCB0;&#xCB8;&#xCCD;&#xCB5;&#xCA4;&#xCBF; &#xCA6;&#xCC1; Ed</subfield>
  </datafield>
  <datafield tag="245" ind1=" " ind2=" ">
    <subfield code="a">Odanadi Sabiha : Dr. Sabiha Bhoomi Gowda Abhinandana Hottage</subfield>
    <subfield code="b">&#xC92;&#xCA1;&#xCA8;&#xCBE;&#xCA1;&#xCBF; &#xCB8;&#xCAC;&#xCBF;&#xCB9;&#xCBE; : &#xCA1;&#xCBE;I &#xCB8;&#xCAC;&#xCBF;&#xCB9;&#xCBE; &#xCAD;&#xCC2;&#xCAE;&#xCC0;&#xC97;&#xCCC;&#xCA1; &#xC85;&#xCAD;&#xCBF;&#xCA8;&#xC82;&#xCA6;&#xCA8;&#xCBE; &#xCB9;&#xCCA;&#xCA4;&#xCCD;&#xCA4;&#xC97;&#xCC6; </subfield>
  </datafield>
  <datafield tag="260" ind1=" " ind2=" ">
    <subfield code="a">Honnavara</subfield>
    <subfield code="b">Kavi Prakashana</subfield>
    <subfield code="c">2021</subfield>
  </datafield>
  <datafield tag="300" ind1=" " ind2=" ">
    <subfield code="a">vii,395p.</subfield>
    <subfield code="b">HB</subfield>
    <subfield code="c">25x19cm</subfield>
  </datafield>
  <datafield tag="365" ind1=" " ind2=" ">
    <subfield code="2">kannada</subfield>
    <subfield code="a">001</subfield>
    <subfield code="b">&#x20B9;340.00</subfield>
    <subfield code="c">&#x20B9;</subfield>
    <subfield code="d">&#x20B9;400.00</subfield>
    <subfield code="e">15%</subfield>
    <subfield code="f">11-12-2025</subfield>
  </datafield>
  <datafield tag="520" ind1=" " ind2=" ">
    <subfield code="a">&#x2018;&#xC92;&#xCA1;&#xCA8;&#xCBE;&#xCA1;&#xCBF; &#xCB8;&#xCAC;&#xCBF;&#xCB9;&#xCBE;&#x2019; &#xC95;&#xCC3;&#xCA4;&#xCBF;&#xCAF;&#xCC1; &#xCB8;&#xCAC;&#xCBF;&#xCB9;&#xCBE; &#xCAD;&#xCC2;&#xCAE;&#xCBF;&#xC97;&#xCCC;&#xCA1; &#xC85;&#xCB5;&#xCB0; &#xC85;&#xCAD;&#xCBF;&#xCA8;&#xC82;&#xCA6;&#xCA8;&#xCBE; &#xCB9;&#xCCA;&#xCA4;&#xCCD;&#xCA4;&#xC97;&#xCC6;. &#xCB2;&#xCC7;&#xC96;&#xC95;&#xCB0;&#xCBE;&#xCA6; &#xCA6;&#xCC1;. &#xCB8;&#xCB0;&#xCB8;&#xCCD;&#xCB5;&#xCA4;&#xCBF;, &#xC86;&#xCB0;&#xCCD;. &#xCB8;&#xCC1;&#xCA8;&#xC82;&#xCA6;&#xCAE;&#xCCD;&#xCAE;, &#xC93;&#xC82;&#xC95;&#xCBE;&#xCB0; &#xC97;&#xCCC;&#xCA1; &#xC95;&#xCBE;&#xC95;&#xCA1;&#xCC6; &#xCB9;&#xCBE;&#xC97;&#xCC2; &#xC8E;&#xC9A;&#xCCD;.&#xC8E;&#xCB8;&#xCCD;. &#xC85;&#xCA8;&#xCC1;&#xCAA;&#xCAE;&#xCBE; &#xC85;&#xCB5;&#xCB0; &#xCB8;&#xC82;&#xCAA;&#xCBE;&#xCA6;&#xCBF;&#xCA4; &#xC95;&#xCC3;&#xCA4;&#xCBF;  &#xC87;&#xCA6;&#xCC1;. &#xC88; &#xCB8;&#xC82;&#xC95;&#xCB2;&#xCA8;&#xCA6;&#xCB2;&#xCCD;&#xCB2;&#xCBF; &#xCAE;&#xCB9;&#xCBF;&#xCB3;&#xCBE; &#xC9A;&#xCB3;&#xCB5;&#xCB3;&#xCBF; &#xCA8;&#xCA1;&#xCC6;&#xCA6;&#xCC1; &#xCAC;&#xC82;&#xCA6;&#xCA6;&#xCBE;&#xCB0;&#xCBF;, &#xCB8;&#xCAE;&#xCBE;&#xCA8;&#xCA4;&#xCC6;&#xCAF;&#xCC6;&#xCA1;&#xCC6;&#xC97;&#xCC6;, &#xCA6;&#xCB2;&#xCBF;&#xCA4;, &#xCAC;&#xC82;&#xCA1;&#xCBE;&#xCAF;, &#xCB0;&#xCC8;&#xCA4; &#xC9A;&#xCB3;&#xCB5;&#xCB3;&#xCBF;, &#xCAE;&#xCBE;&#xCB0;&#xCCD;&#xC95;&#xCCD;&#xCB8;&#xCCD; &#xCB5;&#xCBE;&#xCA6;, &#xCAD;&#xCBE;&#xCB0;&#xCA4;&#xCA6;&#xCB2;&#xCCD;&#xCB2;&#xCBF; &#xC9A;&#xCB3;&#xCB5;&#xCB3;&#xCBF;&#xCAF;&#xCBE;&#xC97;&#xCBF; &#xCAE;&#xCB9;&#xCBF;&#xCB3;&#xCBE; &#xC85;&#xCA7;&#xCCD;&#xCAF;&#xCAF;&#xCA8;, &#xC95;&#xCB0;&#xCCD;&#xCA8;&#xCBE;&#xC9F;&#xC95; &#xC95;&#xCCB;&#xCAE;&#xCC1; &#xCB8;&#xCCC;&#xCB9;&#xCBE;&#xCB0;&#xCCD;&#xCA6; &#xC9A;&#xCB3;&#xCB5;&#xCB3;&#xCBF; &#xCAE;&#xCA4;&#xCCD;&#xCA4;&#xCC1; &#xCAA;&#xCB0;&#xC82;&#xCAA;&#xCB0;&#xCC6; &#xCB8;&#xCBE;&#xCB9;&#xCBF;&#xCA4;&#xCCD;&#xCAF; &#xCAE;&#xCA4;&#xCCD;&#xCA4;&#xCC1; &#xC9A;&#xCB3;&#xCB5;&#xCB3;&#xCBF; &#xCB9;&#xCBE;&#xC97;&#xCC2; &#xCB6;&#xCA4;&#xCAE;&#xCBE;&#xCA8;&#xCA6; &#xCAE;&#xCB9;&#xCBE; &#xCAA;&#xCAF;&#xCA3;&#xC97;&#xCB3;&#xCC1; &#xC87;&#xCB2;&#xCCD;&#xCB2;&#xCBF; &#xCB8;&#xCC7;&#xCB0;&#xCBF;&#xC95;&#xCCA;&#xC82;&#xCA1;&#xCBF;&#xCB5;&#xCC6;. &#xC95;&#xCB3;&#xCC6;&#xCA6;&#xCC6;&#xCB0;&#xCA1;&#xCC1; &#xCA6;&#xCB6;&#xC95;&#xCA6; &#xC95;&#xCA8;&#xCCD;&#xCA8;&#xCA1; &#xCAE;&#xCB9;&#xCBF;&#xCB3;&#xCBE; &#xCB8;&#xCBE;&#xCB9;&#xCBF;&#xCA4;&#xCCD;&#xCAF; &#xCB9;&#xCBE;&#xC97;&#xCC2; &#xCB8;&#xCAC;&#xCBF;&#xCB9;&#xCBE; &#xCB8;&#xCBE;&#xCB9;&#xCBF;&#xCA4;&#xCCD;&#xCAF;&#xCB5;&#xCB2;&#xCCB;&#xC95;&#xCA8;&#xCA6; &#xC9C;&#xCCA;&#xCA4;&#xCC6;&#xC97;&#xCC6; &#xC92;&#xCA1;&#xCA8;&#xCBE;&#xC9F;&#xC97;&#xCB3; &#xC95;&#xCC1;&#xCB0;&#xCBF;&#xCA4;&#xCBE;&#xC97;&#xCBF; &#xC88; &#xC95;&#xCC3;&#xCA4;&#xCBF;&#xCAF;&#xCB2;&#xCCD;&#xCB2;&#xCBF; 71&#xCB2;&#xCC7;&#xC96;&#xCA8;&#xC97;&#xCB3;&#xCBF;&#xCB5;&#xCC6;. &#xC92;&#xC9F;&#xCCD;&#xC9F;&#xCBF;&#xC97;&#xCC6; 7&#xC85;&#xCA7;&#xCCD;&#xCAF;&#xCBE;&#xCAF;&#xC97;&#xCB3;&#xCBF;&#xCA6;&#xCCD;&#xCA6;&#xCC1; &#xC87;&#xCA6;&#xCCA;&#xC82;&#xCA6;&#xCC1; &#xCB8;&#xC82;&#xC97;&#xCCD;&#xCB0;&#xCB9; &#xCAF;&#xCCB;&#xC97;&#xCCD;&#xCAF; &#xCB8;&#xC82;&#xC9A;&#xCBF;&#xC95;&#xCC6; &#xCAE;&#xCBE;&#xCA4;&#xCCD;&#xCB0;&#xCB5;&#xCB2;&#xCCD;&#xCB2;&#xCA6;&#xCC7;, &#xC95;&#xCB0;&#xCCD;&#xCA8;&#xCBE;&#xC9F;&#xC95; &#xC9A;&#xCB3;&#xCB5;&#xCB3;&#xCBF;&#xC97;&#xCB3;&#xCC1; &#xCB9;&#xCBE;&#xC97;&#xCC2; &#xC8E;&#xCB0;&#xCA1;&#xCC1; &#xCA6;&#xCB6;&#xC95;&#xCA6; &#xC95;&#xCA8;&#xCCD;&#xCA8;&#xCA1; &#xCAE;&#xCB9;&#xCBF;&#xCB3;&#xCBE; &#xCB8;&#xCBE;&#xCB9;&#xCBF;&#xCA4;&#xCCD;&#xCAF; &#xC95;&#xCC1;&#xCB0;&#xCBF;&#xCA4;&#xCBE;&#xC97;&#xCBF; &#xC85;&#xCA7;&#xCCD;&#xCAF;&#xCAF;&#xCA8;&#xCB6;&#xCC0;&#xCB2;&#xCB0;&#xCBF;&#xC97;&#xCC6; &#xC89;&#xCA4;&#xCCD;&#xCA4;&#xCAE; &#xC86;&#xC95;&#xCB0; &#xC97;&#xCCD;&#xCB0;&#xC82;&#xCA5;&#xCB5;&#xCBE;&#xC97;&#xCBF;&#xCA6;&#xCC6;.</subfield>
  </datafield>
  <datafield tag="650" ind1=" " ind2=" ">
    <subfield code="a">Kannada Miscellaneous</subfield>
    <subfield code="9">249679</subfield>
  </datafield>
  <datafield tag="700" ind1=" " ind2=" ">
    <subfield code="a">Sunandamma, R</subfield>
    <subfield code="9">249683</subfield>
  </datafield>
  <datafield tag="700" ind1=" " ind2=" ">
    <subfield code="a">Omkar Kakade</subfield>
    <subfield code="9">249684</subfield>
  </datafield>
  <datafield tag="700" ind1=" " ind2=" ">
    <subfield code="a">Anupama H S</subfield>
    <subfield code="9">249685</subfield>
  </datafield>
  <datafield tag="942" ind1=" " ind2=" ">
    <subfield code="2">ddc</subfield>
    <subfield code="c">BK</subfield>
  </datafield>
  <datafield tag="999" ind1=" " ind2=" ">
    <subfield code="c">240740</subfield>
    <subfield code="d">240740</subfield>
  </datafield>
  <datafield tag="952" ind1=" " ind2=" ">
    <subfield code="0">0</subfield>
    <subfield code="1">0</subfield>
    <subfield code="2">ddc</subfield>
    <subfield code="4">0</subfield>
    <subfield code="7">0</subfield>
    <subfield code="8">KAN</subfield>
    <subfield code="a">AL</subfield>
    <subfield code="b">AL</subfield>
    <subfield code="c">SK</subfield>
    <subfield code="d">2025-11-17</subfield>
    <subfield code="e">Dr Mahalinga Bhat St Aloysius (Deemed to be University) Mangaluru-575003</subfield>
    <subfield code="g">340.00</subfield>
    <subfield code="l">0</subfield>
    <subfield code="o">K894.8  SARO</subfield>
    <subfield code="p">078020</subfield>
    <subfield code="r">2025-12-22 15:39:26</subfield>
    <subfield code="v">400.00</subfield>
    <subfield code="w">2025-12-11</subfield>
    <subfield code="y">BK</subfield>
  </datafield>
</record>
